000 00497nam a2200205Ia 4500
003 OSt
005 20221006152951.0
006 a|||||r|||| 00| 0
007 ta
008 221006b |||||||| |||| 00| 0 eng d
024 _a30,679
037 _cTextual
040 _aEASL
_cEASL
_beng
041 _2eng
_aeng
245 0 _aCommander Yang's Young pineers
260 _aPeking
_bForeign Language Press
_c1965
300 _a88p.
_ccm.
942 _cTEXL
_2CC
999 _c1098765
_d1098765